Famous French People (Slideshow) Quiz Stats

Quiz not verified by Sporcle

Challenge
Share
Tweet
Score 0/20 Timer 04:00
0 Plays Today
% Correct
Napoleon Bonaparte
95.6%
Joan of Arc
94.2%
Marie Antoinette
79.8%
Brigitte Bardot
71.2%
Gérard Depardieu
70.2%
Zinedine Zidane
68.8%
Charles de Gaulle
66.6%
André the Giant
60.6%
Thierry Henry
60.6%
François Hollande
51.6%
% Correct
Claude Monet
50.8%
David Guetta
46.2%
Victor Hugo
40%
Jean-Paul Sartre
39.4%
Jean Dujardin
38.6%
René Descartes
34.2%
Albert Camus
28%
Louis Pasteur
23.2%
Blaise Pascal
13.6%
Henri Matisse
4.2%

You're not logged in!

Compare scores with friends on all Sporcle quizzes.
Sign Up with Email
OR
Log In

You Might Also Like...

Show Comments

Extras

Curator's Pick Sep 22, 2013ReportNominate
Tags:Actor Quiz, Famous Quiz, French Quiz, Slideshow

Top Quizzes Today


Score Distribution

Your Account Isn't Verified!

In order to create a playlist on Sporcle, you need to verify the email address you used during registration. Go to your Sporcle Settings to finish the process.